000 00621nam a22002177a 4500
001 25777
003 BD-RjUL
005 20211209050927.0
008 140319r19631958enkab 000 1 eng d
035 _a(BD-RjUL)25847
040 _aBD-RjUL
_beng
_cBD-RjUL
041 _aeng
082 _a920
_bNEG 1963
100 1 _aNeilson, J. B.
_979183
245 _aGreat men of the East /
_cby J.B. Neilson.
260 _aLondon :
_bLongman,
_cc1958 [Impression 1963].
300 _ax, 130 p. :
_bill., ports., maps ;
_c19 cm.
490 1 _aGreat men and great events
_vbk. 1
650 0 _aBiography.
_979184
942 _2ddc
_cBK
999 _c25777
_d25777